[Event "Championnat de France des Jeunes - Mini"]
[Site "LA ROCHE SUR YON"]
[Date "2008.04.25"]
[Round "7.6"]
[White "Dourerassou, Cynthia"]
[Black "Josse, Mathilde"]
[Result "1-0"]
[WhiteElo "1909"]
[BlackElo "1726"]
[Annotator "Salaun,Michel"]
[PlyCount "77"]
[EventDate "2008.04.27"]
[EventType "swiss"]
[EventRounds "9"]
[EventCountry "FRA"]

1. e4 e5 2. Nf3 Nc6 3. Bb5 a6 4. Ba4 Nf6 5. O-O b5 6. Bb3 d6 7. c3 Be7 8. d4
Bg4 9. Be3 O-O 10. Nbd2 Na5 11. Bc2 c5 12. d5 Rc8 13. b3 h6 14. h3 Bh5 15. Qe1
Nh7 16. Nh2 Bg6 17. f4 exf4 18. Rxf4 Bf6 19. Ndf3 Re8 20. Ng4 Bg5 21. Nxg5 hxg5
22. Rf3 Bxe4 23. Bxe4 Rxe4 24. Qf2 Qd7 25. Rf1 f6 26. Rf5 Qe7 27. Qg3 Re8 28.
Kh1 Nb7 29. Bd2 Re2 30. R5f2 Nf8 31. Rxe2 Qxe2 32. Re1 Qxd2 33. Rxe8 f5 34. Nf2
Qxa2 35. Rb8 Na5 36. Qxd6 Qxf2 37. Rxf8+ (37. Qxf8+) 37... Kh7 38. Qe5 Qf1+ 39.
Kh2 1-0

[Event "Championnat de France des Jeunes - Mini"]
[Site "LA ROCHE SUR YON"]
[Date "2008.04.25"]
[Round "7.8"]
[White "Klipper, Noemie"]
[Black "Thuret, Marine"]
[Result "1/2-1/2"]
[WhiteElo "1831"]
[BlackElo "1765"]
[Annotator "Salaun,Michel"]
[PlyCount "99"]
[EventDate "2008.04.27"]
[EventType "swiss"]
[EventRounds "9"]
[EventCountry "FRA"]

1. c4 Nf6 2. Nc3 g6 3. e4 d6 4. d4 Bg7 5. Nf3 O-O 6. Be2 e5 7. dxe5 dxe5 8.
Qxd8 Rxd8 9. Bg5 Re8 10. O-O-O c6 11. Nxe5 Nxe4 12. Nxe4 Bxe5 13. Nd6 Bxd6 14.
Rxd6 Be6 15. Rhd1 Na6 16. b3 Kg7 17. Bf3 Nc7 18. Kb2 Rac8 19. Be3 Ra8 20. Kc3
Kf6 21. Bg4 Kg7 22. Bxe6 Nxe6 23. Rd7 b6 24. Rb7 Red8 25. Rxd8 Nxd8 26. Rc7 c5
27. a3 Ne6 28. Rd7 Kf8 29. b4 Ke8 30. Rd5 Rc8 31. Kb3 f5 32. f3 Rc7 33. b5 Ke7
34. a4 Kf6 35. a5 Ke7 36. Rd2 Rd7 37. Ra2 Rd3+ 38. Kc2 Rxe3 39. Kd2 Re5 40.
axb6 axb6 41. Ra6 Nd8 42. Rxb6 Re6 43. Rb8 Rd6+ 44. Kc3 Kd7 45. Ra8 Rb6 46.
Ra7+ Nb7 47. Ra8 Nd8 48. Ra7+ Nb7 49. Ra8 Nd8 50. Ra7+ {(=)} 1/2-1/2

[Event "Championnat de France des Jeunes - Mini"]
[Site "LA ROCHE SUR YON"]
[Date "2008.04.25"]
[Round "7.7"]
[White "Berthelot, Maeva"]
[Black "Kohi, Camilla"]
[Result "1/2-1/2"]
[WhiteElo "1787"]
[BlackElo "1855"]
[Annotator "Salaun,Michel"]
[PlyCount "69"]
[EventDate "2008.04.27"]
[EventType "swiss"]
[EventRounds "9"]
[EventCountry "FRA"]

1. e4 d6 2. d4 g6 3. Be3 Bg7 4. Nf3 Nf6 5. Nc3 O-O 6. h3 Nbd7 7. Bc4 b6 8. e5
Ne8 9. e6 fxe6 10. Bxe6+ Kh8 11. Ng5 Bb7 12. Nf7+ Rxf7 13. Bxf7 Bxg2 14. Rg1
Bb7 15. Qd2 e5 16. Nd5 Nef6 17. Bg5 exd4 18. O-O-O Ne5 19. Bxf6 Bxf6 20. Qxd4
Bg7 21. Qe3 Nxf7 22. Qg3 c6 23. Ne3 Qf6 24. c3 Ne5 25. f4 Nf7 26. f5 Ne5 27.
fxg6 Qxg6 28. Qxg6 hxg6 29. Rxd6 Bh6 30. Re1 Nc4 31. Rxg6 Kh7 32. Rxh6+ Kxh6
33. Nxc4 c5 34. Re7 Bg2 35. h4 {(=)} 1/2-1/2

[Event "Championnat de France des Jeunes - Mini"]
[Site "LA ROCHE SUR YON"]
[Date "2008.04.25"]
[Round "7.9"]
[White "Jolly, Marie"]
[Black "Macarry, Elodie"]
[Result "1-0"]
[WhiteElo "1723"]
[BlackElo "1805"]
[Annotator "Salaun,Michel"]
[PlyCount "47"]
[EventDate "2008.04.27"]
[EventType "swiss"]
[EventRounds "9"]
[EventCountry "FRA"]

1. d4 d5 2. c4 c6 3. e3 Nf6 4. Nc3 e6 5. Bd2 Nbd7 6. Nf3 dxc4 7. Bxc4 Nb6 8.
Bd3 Be7 9. O-O O-O 10. Qc2 h6 11. Rfe1 Nbd5 12. a3 c5 13. Nxd5 Qxd5 14. e4 Qd8
15. e5 Nd7 16. dxc5 Nxc5 17. Bh7+ Kh8 18. Rad1 Qe8 19. b4 Na6 20. Be4 Rb8 21.
Qc1 h5 22. Bg5 b6 23. Bf6 Kg8 24. Qg5 1-0

[Event "Championnat de France des Jeunes - Cade"]
[Site "LA ROCHE SUR YON"]
[Date "2008.04.25"]
[Round "7.10"]
[White "Barre, Yann"]
[Black "Andre, Pier-Gil"]
[Result "0-1"]
[WhiteElo "1957"]
[BlackElo "1759"]
[Annotator "Salaun,Michel"]
[PlyCount "132"]
[EventDate "2008.04.27"]
[EventType "swiss"]
[EventRounds "9"]
[EventCountry "FRA"]

1. d4 d6 2. c4 e5 3. d5 f5 4. Nc3 Nf6 5. Qc2 g6 6. h4 Na6 7. e4 Nc5 8. Bd3 Be7
9. Nge2 Nxd3+ 10. Qxd3 fxe4 11. Qg3 Bf5 12. Bg5 Qd7 13. Bxf6 Bxf6 14. Qe3 Qe7
15. g3 Qd7 16. h5 gxh5 17. Nxe4 Bxe4 18. Qxe4 Qg4 19. Nc3 h6 20. Qxg4 hxg4 21.
Rh5 Ke7 22. Ne4 Raf8 23. Ke2 Bg7 24. Rah1 Rfg8 25. R5h4 Bf8 26. Rh5 Bg7 27.
R1h4 Bf6 28. Rh1 Rg6 29. b4 Bg7 30. Rc1 Rd8 31. Nc3 a6 32. Ne4 b6 33. a4 Kd7
34. Rhh1 Rb8 35. Rc2 a5 36. Rb2 axb4 37. Rxb4 Ra8 38. Ra1 Bf6 39. a5 Rxa5 40.
Rxa5 bxa5 41. Ra4 Bg5 42. Rxa5 Rg8 43. c5 Rc8 44. Ra6 Be7 45. c6+ Ke8 46. Ra4
Rb8 47. Kd3 Kf7 48. Nc3 h5 49. Ra7 Bd8 50. Rb7 Rc8 51. Nb5 Kf6 52. Ke4 Kg5 53.
Na3 Ra8 54. Rb3 Ra4+ 55. Ke3 Ra8 56. Nc4 Kf5 57. Kd3 e4+ 58. Ke3 Bg5+ 59. Kd4
Bf6+ 60. Ke3 Bg5+ 61. Kd4 Ra4 62. Rb7 Bf6+ 63. Ke3 Rxc4 64. Rxc7 Rc2 65. Rd7
Ke5 66. f4+ gxf3 0-1

[Event "Championnat de France des Jeunes - Cade"]
[Site "LA ROCHE SUR YON"]
[Date "2008.04.25"]
[Round "7.9"]
[White "Maniere, Alexis"]
[Black "Pirotais, Jerome"]
[Result "0-1"]
[WhiteElo "1900"]
[BlackElo "1981"]
[Annotator "Salaun,Michel"]
[PlyCount "108"]
[EventDate "2008.04.27"]
[EventType "swiss"]
[EventRounds "9"]
[EventCountry "FRA"]

1. e4 c5 2. Nc3 Nc6 3. f4 e6 4. Nf3 d5 5. Bb5 Nge7 6. d3 a6 7. Bxc6+ Nxc6 8.
O-O Be7 9. Qe1 O-O 10. Nd1 Nd4 11. Ne3 Nxf3+ 12. gxf3 f5 13. e5 b5 14. Qg3 Kh8
15. Kh1 g5 16. Rg1 Rg8 17. Qh3 d4 18. fxg5 dxe3 19. g6 Bh4 20. Bxe3 Ra7 21. Bh6
Rxg6 22. Rxg6 hxg6 23. Rg1 Rh7 24. Rxg6 Qe7 25. Qg2 Qf7 26. Bg5 Bb7 27. Bf6+
Bxf6 28. Rxf6 Qe8 29. Qf2 Qh5 30. Rxe6 Rg7 31. h4 Bxf3+ 32. Kh2 Rg2+ 33. Qxg2
Bxg2 34. Kxg2 Qg4+ 35. Kf2 Qxh4+ 36. Ke2 Kg7 37. c3 Kf7 38. Rf6+ Ke7 39. Rxf5
Qh2+ 40. Rf2 Qxe5+ 41. Kd2 Qg5+ 42. Kc2 Qe3 43. Rd2 Kd6 44. d4 c4 45. a3 Kd5
46. Kd1 Qe4 47. Kc1 Qf5 48. Re2 Qf1+ 49. Kd2 Qb1 50. Ke3 Ke6 51. Kf4+ Kf6 52.
Rh2 Qf1+ 53. Ke3 Kg5 54. Rf2 Qd3# 0-1

[Event "Championnat de France des Jeunes - Cade"]
[Site "LA ROCHE SUR YON"]
[Date "2008.04.25"]
[Round "7.6"]
[White "Delay, Guillaume"]
[Black "Valles, Manuel"]
[Result "0-1"]
[WhiteElo "1957"]
[BlackElo "2117"]
[Annotator "Salaun,Michel"]
[PlyCount "84"]
[EventDate "2008.04.27"]
[EventType "swiss"]
[EventRounds "9"]
[EventCountry "FRA"]

1. e4 e5 2. Bc4 Nc6 3. Nf3 Nf6 4. d3 Be7 5. c3 O-O 6. O-O d6 7. Nbd2 Na5 8. Bb5
a6 9. Ba4 c5 10. Re1 b5 11. Bc2 Nc6 12. Qe2 Re8 13. Nf1 h6 14. Ng3 Bf8 15. h3
g6 16. Be3 d5 17. Qd2 Kh7 18. d4 cxd4 19. cxd4 Bb4 20. Qe2 dxe4 21. Nxe4 exd4
22. Red1 Nxe4 23. Nxd4 Qf6 24. Nxc6 Qxc6 25. Rac1 Bb7 26. Qg4 Qe6 27. Qf4 Bf8
28. Bb3 Qf6 29. Rc7 Qxf4 30. Bxf4 Nc5 31. Rxf7+ Kh8 32. Bc2 Be4 33. Bxe4 Rxe4
34. Rd5 Kg8 35. Rf6 Kg7 36. Bxh6+ Kxf6 37. Bxf8 Rxf8 38. Rxc5 Rc4 39. Rd5 Ke6
40. Rg5 Rf6 41. b3 Rc2 42. a3 Rc3 0-1

[Event "Championnat de France des Jeunes - Mini"]
[Site "LA ROCHE SUR YON"]
[Date "2008.04.25"]
[Round "7.10"]
[White "Christophe, Lucie"]
[Black "De Seroux, Camille"]
[Result "1/2-1/2"]
[WhiteElo "1700"]
[BlackElo "1867"]
[Annotator "Salaun,Michel"]
[PlyCount "71"]
[EventDate "2008.04.27"]
[EventType "swiss"]
[EventRounds "9"]
[EventCountry "FRA"]

1. d4 f5 2. Nf3 Nf6 3. e3 d6 4. Bc4 e6 5. Nc3 g6 6. Bd2 Bg7 7. Ne2 Qe7 8. c3
O-O 9. Nf4 Ne4 10. Qb3 Re8 11. Rd1 Kh8 12. O-O c6 13. Bc1 e5 14. Ne2 Nd7 15.
Nd2 Nef6 16. a3 Nb6 17. Qc2 Nxc4 18. Nxc4 Nh5 19. dxe5 dxe5 20. Nd6 Rf8 21. Nc4
Be6 22. Nd2 Nf6 23. Nf3 Ne4 24. Nd2 Nc5 25. b4 Nd7 26. Bb2 Qf7 27. Nc1 Nb6 28.
Nd3 Nc4 29. Nc5 Nxd2 30. Rxd2 Rad8 31. Rfd1 Bf6 32. Rxd8 Rxd8 33. Rxd8+ Bxd8
34. Qd2 Bf6 35. Qd6 Bd5 36. Qb8+ {(=)} 1/2-1/2

[Event "Championnat de France des Jeunes - Cade"]
[Site "LA ROCHE SUR YON"]
[Date "2008.04.25"]
[Round "7.7"]
[White "Tachikart, Yassin"]
[Black "Bressac, Stephane"]
[Result "1-0"]
[WhiteElo "2111"]
[BlackElo "2028"]
[Annotator "Salaun,Michel"]
[PlyCount "57"]
[EventDate "2008.04.27"]
[EventType "swiss"]
[EventRounds "9"]
[EventCountry "FRA"]

1. d4 d5 2. c4 c6 3. Nc3 Nf6 4. Nf3 e6 5. e3 Nbd7 6. Bd2 Be7 7. Qc2 O-O 8.
O-O-O dxc4 9. Bxc4 b5 10. Bd3 Nb6 11. Ne5 Bb7 12. Ne4 Nbd7 13. Nxd7 Nxd7 14.
Nc5 Bxc5 15. dxc5 g6 16. h4 Qe7 17. b4 e5 18. h5 Kg7 19. f4 a5 20. hxg6 fxg6
21. f5 g5 22. f6+ Nxf6 23. Bxh7 e4 24. Bc3 axb4 25. Bd4 Qf7 26. Bxe4 Kg8 27.
Rh6 Rxa2 28. Bb2 Qe6 29. Bd5 1-0

[Event "Championnat de France des Jeunes - Cade"]
[Site "LA ROCHE SUR YON"]
[Date "2008.04.25"]
[Round "7.8"]
[White "Favarel, Antoine"]
[Black "Lacour, Cedric"]
[Result "1-0"]
[WhiteElo "2065"]
[BlackElo "1916"]
[Annotator "Salaun,Michel"]
[PlyCount "39"]
[EventDate "2008.04.27"]
[EventType "swiss"]
[EventRounds "9"]
[EventCountry "FRA"]

1. e4 c5 2. Nf3 Nc6 3. Nc3 Nf6 4. Bb5 Qc7 5. O-O Nd4 6. Re1 a6 7. Bf1 e5 8. Nd5
Nxd5 9. exd5 d6 10. Nxd4 cxd4 11. c3 dxc3 12. d4 Be7 13. dxe5 O-O 14. bxc3 dxe5
15. c4 f5 16. Bb2 Bd6 17. c5 Bxc5 18. Bxe5 Qd8 19. d6 Kh8 20. Qd5 1-0

[Event "Championnat de France des Jeunes - Benj"]
[Site "LA ROCHE SUR YON"]
[Date "2008.04.25"]
[Round "7.7"]
[White "Griggio, Julie"]
[Black "Le Marec, Laura"]
[Result "1-0"]
[WhiteElo "1800"]
[BlackElo "1520"]
[Annotator "Salaun,Michel"]
[PlyCount "105"]
[EventDate "2008.04.27"]
[EventType "swiss"]
[EventRounds "9"]
[EventCountry "FRA"]

1. e4 e5 2. Nf3 d6 3. d4 exd4 4. Nxd4 Nf6 5. Nc3 Be7 6. Be3 Bd7 7. Qd2 Nc6 8.
O-O-O Ne5 9. h3 Bc6 10. f4 Ned7 11. Bd3 Nc5 12. Nxc6 bxc6 13. Bxc5 dxc5 14. e5
Nd5 15. Be4 O-O 16. Bxd5 cxd5 17. Qxd5 Qc8 18. Na4 Qa6 19. Nxc5 Bxc5 20. Qxc5
Qxa2 21. Qa3 Qxa3 22. bxa3 Rab8 23. Rd7 Rb7 24. Rhd1 h6 25. Re7 Rfb8 26. Rdd7
Rb1+ 27. Kd2 Rf1 28. g3 Rf2+ 29. Kc3 Rf3+ 30. Rd3 Rxd3+ 31. Kxd3 Rd8+ 32. Ke2
Rc8 33. e6 fxe6 34. Rxe6 Kf7 35. Ra6 Re8+ 36. Kf3 Ra8 37. g4 Ke7 38. Ke4 Kd7
39. Kf5 Rf8+ 40. Kg6 Rxf4 41. Kxg7 Rc4 42. Kxh6 Rc3 43. Kg5 Rc5+ 44. Kg6 Rc3
45. h4 Rc4 46. Kh5 Rc5+ 47. g5 Re5 48. Kh6 Re8 49. g6 Rh8+ 50. Kg5 Rg8 51. h5
Ke7 52. h6 Kf8 53. Rf6+ 1-0

[Event "Championnat de France des Jeunes - Benj"]
[Site "LA ROCHE SUR YON"]
[Date "2008.04.25"]
[Round "7.6"]
[White "Ranc, Candice"]
[Black "Afraoui, Solenn"]
[Result "0-1"]
[WhiteElo "1490"]
[BlackElo "1830"]
[Annotator "Salaun,Michel"]
[PlyCount "90"]
[EventDate "2008.04.27"]
[EventType "swiss"]
[EventRounds "9"]
[EventCountry "FRA"]

1. e4 c5 2. Nf3 d6 3. d4 cxd4 4. Nxd4 Nf6 5. Nc3 a6 6. f3 e6 7. Be3 Nbd7 8. Qd2
b5 9. g4 h6 10. h4 Bb7 11. Rg1 Ne5 12. Qf2 Be7 13. Be2 b4 14. Nb1 d5 15. g5 Nh7
16. f4 Nd7 17. exd5 Bxd5 18. Nd2 Qc7 19. g6 Qd8 20. O-O-O fxg6 21. Rxg6 Bf6 22.
Bf3 Nhf8 23. Rgg1 Qa5 24. Bxd5 Qxd5 25. N2b3 Qc4 26. Qd2 a5 27. Qd3 Qxd3 28.
Rxd3 a4 29. Nd2 a3 30. b3 Nc5 31. Nb5 Nxd3+ 32. cxd3 Rc8+ 33. Kd1 Kd7 34. Ne4
Rh7 35. Bc5 Be7 36. d4 Bxc5 37. dxc5 Ke7 38. Kd2 Nd7 39. Rc1 Nb8 40. Na7 Rc7
41. c6 Rh8 42. Nb5 Rxc6 43. Rxc6 Nxc6 44. Kd3 Rd8+ 45. Kc4 Rd1 0-1

[Event "Championnat de France des Jeunes - Benj"]
[Site "LA ROCHE SUR YON"]
[Date "2008.04.25"]
[Round "7.8"]
[White "Bertin, Cecile"]
[Black "Daadaa, Soha"]
[Result "0-1"]
[WhiteElo "1540"]
[BlackElo "1650"]
[Annotator "Salaun,Michel"]
[PlyCount "87"]
[EventDate "2008.04.27"]
[EventType "swiss"]
[EventRounds "9"]
[EventCountry "FRA"]

1. e4 e6 2. d4 d5 3. e5 c5 4. c3 Qb6 5. Nf3 Nc6 6. a3 Bd7 7. b4 cxb4 8. cxb4
Rc8 9. Be3 Nb8 10. Bd3 a5 11. bxa5 Qxa5+ 12. Bd2 Qa4 13. Qxa4 Bxa4 14. Nc3 Bd7
15. O-O Nc6 16. Rfb1 Rb8 17. a4 Bb4 18. Bb5 Nge7 19. Ra2 O-O 20. Rab2 Bxc3 21.
Bxc3 Ra8 22. a5 Rfc8 23. Bb4 Nxb4 24. Bxd7 Rc7 25. h3 Rxd7 26. Rxb4 h6 27. Rxb7
Rxb7 28. Rxb7 Nc6 29. g4 {(=)} Rxa5 30. Kg2 Ra4 31. h4 Nxd4 32. Nxd4 Rxd4 33.
Kg3 g5 34. hxg5 hxg5 35. f3 Kg7 36. Rb1 Rd2 37. Re1 Rd3 38. Kf2 f6 39. exf6+
Kxf6 40. Ke2 Rd4 41. Ke3 Rf4 42. Ra1 Rc4 43. Kd3 Rb4 44. Ra3 0-1

[Event "Championnat de France des Jeunes - Pupi"]
[Site "LA ROCHE SUR YON"]
[Date "2008.04.25"]
[Round "7.7"]
[White "Pouillart, Cecile"]
[Black "Langlais, Victoire"]
[Result "1-0"]
[WhiteElo "1640"]
[BlackElo "1450"]
[Annotator "Salaun,Michel"]
[PlyCount "119"]
[EventDate "2008.04.27"]
[EventType "swiss"]
[EventRounds "9"]
[EventCountry "FRA"]

1. e4 c5 2. Nf3 Nc6 3. Nc3 e6 4. d4 cxd4 5. Nxd4 Nf6 6. Bg5 Be7 7. Nxc6 bxc6 8.
e5 Nd5 9. Bxe7 Qxe7 10. Qg4 O-O 11. Bd3 Nb4 12. O-O Nxd3 13. cxd3 Ba6 14. Rfd1
Rab8 15. Qa4 Rb6 16. d4 Qb4 17. Qxb4 Rxb4 18. b3 f6 19. Na4 fxe5 20. dxe5 Rd8
21. Nc5 Bc8 22. Nxe6 Re8 23. Nc5 Rxe5 24. Nxd7 Rd5 25. Ne5 Bb7 26. Nc4 Ba6 27.
Ne3 Rdd4 28. Nf5 Rxd1+ 29. Rxd1 Rb8 30. f3 c5 31. Rd7 g6 32. Nh6+ Kf8 33. Rxh7
Rb7 34. Rxb7 Bxb7 35. Kf2 Ke7 36. Ke3 Kd6 37. Kf4 Kd5 38. Kg5 a5 39. Kxg6 a4
40. f4 Kd4 41. f5 Be4 42. Kg7 Bd5 43. f6 axb3 44. axb3 Bxb3 45. Nf5+ Ke5 46.
Ng3 Be6 47. f7 Bxf7 48. Kxf7 Kd4 49. Nf5+ Ke5 50. Ne3 Kd4 51. Nc2+ Kc3 52. h4
Kxc2 53. h5 c4 54. h6 c3 55. h7 Kb3 56. h8=Q c2 57. Qc8 Kb2 58. g4 c1=Q 59.
Qxc1+ Kxc1 60. g5 1-0

[Event "Championnat de France des Jeunes - Benj"]
[Site "LA ROCHE SUR YON"]
[Date "2008.04.25"]
[Round "7.9"]
[White "Lenoel, Marine"]
[Black "Costa, Elodie"]
[Result "1-0"]
[WhiteElo "1641"]
[BlackElo "1480"]
[Annotator "Salaun,Michel"]
[PlyCount "111"]
[EventDate "2008.04.27"]
[EventType "swiss"]
[EventRounds "9"]
[EventCountry "FRA"]

1. e4 e5 2. Bc4 Nf6 3. d3 Nc6 4. Nf3 d5 5. exd5 Nxd5 6. Nc3 Bb4 7. Bd2 Be6 8.
Bb5 Bd6 9. Qe2 O-O 10. Bxc6 bxc6 11. O-O Re8 12. Ng5 Bf5 13. Qf3 Ne7 14. Rfe1
Bg6 15. h4 f6 16. Nge4 Rf8 17. h5 Be8 18. h6 Ng6 19. hxg7 Kxg7 20. Qh3 Bd7 21.
Qh5 Kg8 22. g3 Qe7 23. Bh6 Rf7 24. Kg2 Qe6 25. Rh1 Qf5 26. Qxf5 Bxf5 27. Be3
Bg4 28. d4 Raf8 29. dxe5 fxe5 30. Ng5 Rf5 31. Nce4 c5 32. Rh2 Bf3+ 33. Nxf3
Rxf3 34. Rah1 R3f7 35. Ng5 Re7 36. Rxh7 Rxh7 37. Nxh7 Rb8 38. b3 a5 39. Nf6+
Kf7 40. Ne4 c4 41. Rh7+ Ke6 42. bxc4 Be7 43. Bg5 Bxg5 44. Nxg5+ Kf5 45. Nf3 Rb2
46. Rxc7 Rxa2 47. Rc5 a4 48. Ra5 a3 49. c5 Ne7 50. Ra6 Nd5 51. c6 Nb4 52. Nh4+
Kg5 53. c7 Rxc2 54. Rg6+ Kh5 55. Kh3 Rc3 56. c8=Q 1-0

[Event "Championnat de France des Jeunes - Pupi"]
[Site "LA ROCHE SUR YON"]
[Date "2008.04.25"]
[Round "7.8"]
[White "Laric, Emilie"]
[Black "Dol, Cecile"]
[Result "0-1"]
[WhiteElo "1410"]
[BlackElo "1630"]
[Annotator "Salaun,Michel"]
[PlyCount "96"]
[EventDate "2008.04.27"]
[EventType "swiss"]
[EventRounds "9"]
[EventCountry "FRA"]

1. d4 d5 2. c4 dxc4 3. e4 e5 4. Nf3 Bg4 5. Bxc4 Nc6 6. d5 Nd4 7. Qd3 Nxf3+ 8.
gxf3 Bh3 9. Nc3 Nf6 10. Bg5 Be7 11. Rg1 O-O 12. Bh6 Nh5 13. O-O-O Qd6 14. Be3
a6 15. Bd2 b5 16. Bb3 Rfc8 17. f4 Bd7 18. fxe5 Qxe5 19. Kb1 Bf6 20. Bc1 Qxh2
21. Rh1 Qe5 22. Qf3 g6 23. Rdg1 Bg7 24. d6 Be6 25. dxc7 Bxb3 26. axb3 Rxc7 27.
Qg2 Re8 28. Qg4 Qe6 29. Qg5 Qe5 30. Qh4 Qe6 31. Bh6 Qf6 32. Bxg7 Qxg7 33. Nd5
Rc6 34. Rg4 Kh8 35. Rhg1 Qe5 36. Nf4 Qxe4+ 37. Ka2 Nxf4 38. Rxf4 Qe7 39. Qh6
Qf8 40. Qh2 Qg7 41. Rh1 Rc2 42. Rf6 h5 43. Qf4 Re6 44. Kb1 Rxb2+ 45. Kxb2 Qxf6+
46. Qxf6+ Rxf6 47. Kc3 Rf4 48. Rh3 Rxf2 0-1

[Event "Championnat de France des Jeunes - Benj"]
[Site "LA ROCHE SUR YON"]
[Date "2008.04.25"]
[Round "7.10"]
[White "Bogen, Fanny"]
[Black "Alonso, Audrey"]
[Result "0-1"]
[WhiteElo "1580"]
[BlackElo "1530"]
[Annotator "Salaun,Michel"]
[PlyCount "80"]
[EventDate "2008.04.27"]
[EventType "swiss"]
[EventRounds "9"]
[EventCountry "FRA"]

1. e4 e5 2. Nf3 Nc6 3. Bc4 Be7 4. d4 exd4 5. Nxd4 Nf6 6. Nc3 d6 7. Bf4 Bd7 8.
O-O O-O 9. Re1 Ne5 10. Bd3 Re8 11. Qd2 Nxd3 12. Qxd3 Ng4 13. e5 dxe5 14. Bxe5
Nxe5 15. Rxe5 Bf6 16. Rh5 h6 17. Nd5 Bg4 18. Nxf6+ Qxf6 19. Rc5 Rad8 20. c3 Qd6
21. Qc4 Be2 22. Qb4 b6 23. Rc6 Qxb4 24. cxb4 Rxd4 25. Rxc7 Rxb4 26. b3 a6 27.
h3 Rbe4 28. f3 R4e6 29. Ra7 R6e7 30. Rxe7 Rxe7 31. Re1 Re8 32. Kf2 Bb5 33. Rd1
Re2+ 34. Kg3 Rxa2 35. Rd8+ Kh7 36. Rb8 Rb2 37. Rxb6 Rxb3 38. Rb7 f6 39. Kf4 a5
40. Kf5 Bd3+ 0-1

[Event "Championnat de France des Jeunes - Pupi"]
[Site "LA ROCHE SUR YON"]
[Date "2008.04.25"]
[Round "7.6"]
[White "Rigolot, Lucie"]
[Black "Legrand, Claire"]
[Result "1-0"]
[WhiteElo "1723"]
[BlackElo "1530"]
[Annotator "Salaun,Michel"]
[PlyCount "63"]
[EventDate "2008.04.27"]
[EventType "swiss"]
[EventRounds "9"]
[EventCountry "FRA"]

1. e4 d5 2. exd5 Nf6 3. Bb5+ Bd7 4. Be2 Nxd5 5. d4 Nc6 6. Nf3 Bf5 7. a3 e6 8.
O-O Be7 9. c4 Nf6 10. Nc3 O-O 11. h3 Qd7 12. Be3 Rfd8 13. b4 a6 14. Qb3 Ne4 15.
Bd3 Nxc3 16. Bxf5 Ne2+ 17. Kh1 exf5 18. d5 Na7 19. Rae1 c6 20. Rxe2 cxd5 21.
cxd5 Qxd5 22. Qxd5 Rxd5 23. Bxa7 Rxa7 24. Rxe7 g6 25. Ng5 f6 26. Nxh7 Rd6 27.
Rc1 Ra8 28. Rcc7 b6 29. Rf7 Rad8 30. Nxf6+ Rxf6 31. Rxf6 g5 32. Rxb6 1-0

[Event "Championnat de France des Jeunes - Pupi"]
[Site "LA ROCHE SUR YON"]
[Date "2008.04.25"]
[Round "7.6"]
[White "Balagny-Carbuccia, Nicolas"]
[Black "Viennot, Dylan"]
[Result "0-1"]
[WhiteElo "1810"]
[BlackElo "1774"]
[Annotator "Salaun,Michel"]
[PlyCount "142"]
[EventDate "2008.04.27"]
[EventType "swiss"]
[EventRounds "9"]
[EventCountry "FRA"]

1. e4 c5 2. c4 Nc6 3. Ne2 d6 4. d4 cxd4 5. Nxd4 e5 6. Nc2 Be7 7. Be2 f5 8. Nc3
Nf6 9. Bd3 f4 10. g3 f3 11. Qxf3 O-O 12. Qg2 Ne8 13. Bd2 Nc7 14. O-O-O Ne6 15.
Kb1 Ned4 16. Nxd4 Nxd4 17. f4 a6 18. f5 Bd7 19. Ne2 Rb8 20. Bc3 Nxe2 21. Qxe2
Qc7 22. h4 b5 23. cxb5 Bxb5 24. Bxb5 Rxb5 25. Rc1 Qb7 26. Rhd1 Rb8 27. Rc2 a5
28. Rdd2 Rc5 29. Rd3 Rbc8 30. Ka1 a4 31. Rd1 Qc6 32. Kb1 Rc4 33. Qd3 Rxe4 34.
Ba5 Qxc2+ 35. Qxc2 Rxc2 36. Kxc2 Rg4 37. Bc7 Rc4+ 38. Kd3 Rxc7 39. b3 axb3 40.
axb3 h5 41. Ke4 Rc3 42. Rd3 Rxd3 43. Kxd3 d5 44. Ke3 Kf7 45. Kf3 g5 46. hxg5
Bxg5 47. b4 Be7 48. b5 Kf6 49. b6 Kxf5 50. b7 Bd6 51. Kf2 h4 52. gxh4 Kg4 53.
h5 Kxh5 54. Kg3 Kg5 55. Kf3 Kf5 56. Ke3 Ke6 57. Kf3 Kd7 58. Kg4 Kc7 59. Kf5
Kxb7 60. Kg4 e4 61. Kh3 e3 62. Kg2 d4 63. Kf1 d3 64. Ke1 e2 65. Kf2 Bg3+ 66.
Kxg3 e1=Q+ 67. Kf3 d2 68. Kf4 d1=Q 69. Kg5 Qf3 70. Kh6 Qg2 71. Kh5 Qeh1# 0-1

[Event "Championnat de France des Jeunes - Pupi"]
[Site "LA ROCHE SUR YON"]
[Date "2008.04.25"]
[Round "7.9"]
[White "Saucey, Milena"]
[Black "Bertrand, Meryl"]
[Result "1-0"]
[WhiteElo "1440"]
[BlackElo "1610"]
[Annotator "Salaun,Michel"]
[PlyCount "107"]
[EventDate "2008.04.27"]
[EventType "swiss"]
[EventRounds "9"]
[EventCountry "FRA"]

1. e4 e5 2. Nf3 Nc6 3. Bc4 Bc5 4. c3 Nf6 5. d3 O-O 6. Nbd2 d6 7. Bb3 Bb6 8. O-O
Be6 9. Nc4 Ne7 10. h3 a6 11. Ng5 Qd7 12. Nxb6 cxb6 13. Bxe6 fxe6 14. Qb3 d5 15.
Qxb6 Nc6 16. Re1 h6 17. Nf3 dxe4 18. dxe4 Qf7 19. b3 Rab8 20. Ba3 Rfd8 21. Nxe5
Nxe5 22. Bd6 Ned7 23. Qa7 Rbc8 24. Qxb7 Ne8 25. Qxa6 Nxd6 26. Qxd6 Rxc3 27. b4
Rc2 28. f4 Qf6 29. Red1 Kh7 30. Qd3 Rb2 31. e5+ Qg6 32. Qxg6+ Kxg6 33. Rd4 Kf7
34. a4 Ke8 {(=)} 35. Rad1 Rc2 36. f5 Rcc8 37. fxe6 Nxe5 38. Rxd8+ Rxd8 39.
Rxd8+ Kxd8 40. a5 Nc6 41. a6 Kc7 42. b5 Ne7 43. a7 Kb7 44. b6 Nc6 45. Kf2 Ka8
46. Ke3 Kb7 47. Ke4 Ka8 48. Kd5 Kb7 49. Kd6 Nd4 50. Kd7 Nc6 51. e7 Nxe7 52.
Kxe7 Ka8 53. Kf7 g5 54. g4 1-0

[Event "Championnat de France des Jeunes - Pupi"]
[Site "LA ROCHE SUR YON"]
[Date "2008.04.25"]
[Round "7.10"]
[White "Nourani, Maral"]
[Black "Hild, Aurelia"]
[Result "0-1"]
[WhiteElo "1560"]
[BlackElo "1370"]
[Annotator "Salaun,Michel"]
[PlyCount "70"]
[EventDate "2008.04.27"]
[EventType "swiss"]
[EventRounds "9"]
[EventCountry "FRA"]

1. e4 e5 2. Nf3 Nc6 3. c3 Nf6 4. d4 d5 5. dxe5 Nxe4 6. Be2 Bc5 7. Be3 Bb6 8.
Nbd2 O-O 9. O-O Bg4 10. Nxe4 dxe4 11. Nd4 Bxe2 12. Qxe2 Nxe5 13. Rad1 Qf6 14.
f4 exf3 15. Nxf3 Rfe8 16. Nd4 Qg6 17. Kh1 Ng4 18. Rf3 Rad8 19. Rg3 h5 20. h3
Bxd4 21. hxg4 Bxe3 22. Rxd8 Rxd8 23. Qxe3 hxg4 24. Qe2 Qb1+ 25. Kh2 Qxa2 26.
Qxg4 g6 27. Rh3 Qe6 28. Qh4 Qe5+ 29. Rg3 Rd3 30. Kh3 Rxg3+ 31. Qxg3 Qxg3+ 32.
Kxg3 Kg7 33. Kf4 Kf6 34. Ke4 Ke6 35. b3 c5 0-1